<?xml version="1.0" encoding="UTF-8"?>
<record
    xmlns:xsi="http://www.w3.org/2001/XMLSchema-instance"
    xsi:schemaLocation="http://www.loc.gov/MARC21/slim http://www.loc.gov/standards/marcxml/schema/MARC21slim.xsd"
    xmlns="http://www.loc.gov/MARC21/slim">

  <leader>00345nam a22001337a 4500</leader>
  <datafield tag="999" ind1=" " ind2=" ">
    <subfield code="c">7771</subfield>
    <subfield code="d">7772</subfield>
  </datafield>
  <controlfield tag="008">190327b           ||||| |||| 00| 0 eng d</controlfield>
  <datafield tag="020" ind1=" " ind2=" ">
    <subfield code="a">9789993697800</subfield>
  </datafield>
  <datafield tag="082" ind1=" " ind2=" ">
    <subfield code="a">954.98 C54a 2017</subfield>
  </datafield>
  <datafield tag="100" ind1=" " ind2=" ">
    <subfield code="a">Choeden, Wangchuk Kesang</subfield>
  </datafield>
  <datafield tag="245" ind1=" " ind2=" ">
    <subfield code="a">Ashi Tashi Dorji ;</subfield>
    <subfield code="b">Her life and Legacy</subfield>
  </datafield>
  <datafield tag="250" ind1=" " ind2=" ">
    <subfield code="b">1st ed.</subfield>
  </datafield>
  <datafield tag="300" ind1=" " ind2=" ">
    <subfield code="a">387 p.</subfield>
    <subfield code="b">ill.28 cm.</subfield>
  </datafield>
  <datafield tag="942" ind1=" " ind2=" ">
    <subfield code="2">ddc</subfield>
  </datafield>
  <datafield tag="952" ind1=" " ind2=" ">
    <subfield code="0">0</subfield>
    <subfield code="1">0</subfield>
    <subfield code="2">ddc</subfield>
    <subfield code="4">0</subfield>
    <subfield code="7">0</subfield>
    <subfield code="8">SPECIAL COLLECTIONS</subfield>
    <subfield code="a">RTCLIB</subfield>
    <subfield code="b">RTCLIB</subfield>
    <subfield code="c">SPECIAL COLLECTIONS</subfield>
    <subfield code="d">2019-03-27</subfield>
    <subfield code="h">13591</subfield>
    <subfield code="l">0</subfield>
    <subfield code="o">954.98 WAN</subfield>
    <subfield code="p">30013232</subfield>
    <subfield code="r">2023-08-11 00:00:00</subfield>
    <subfield code="w">2019-03-27</subfield>
    <subfield code="y">SPCOLL</subfield>
  </datafield>
  <datafield tag="952" ind1=" " ind2=" ">
    <subfield code="0">0</subfield>
    <subfield code="1">0</subfield>
    <subfield code="2">ddc</subfield>
    <subfield code="4">0</subfield>
    <subfield code="7">0</subfield>
    <subfield code="8">SPECIAL COLLECTIONS</subfield>
    <subfield code="a">RTCLIB</subfield>
    <subfield code="b">RTCLIB</subfield>
    <subfield code="c">SPECIAL COLLECTIONS</subfield>
    <subfield code="d">2020-05-13</subfield>
    <subfield code="h">14541</subfield>
    <subfield code="l">0</subfield>
    <subfield code="o">954.98 WAN</subfield>
    <subfield code="p">30041629</subfield>
    <subfield code="r">2020-05-13 00:00:00</subfield>
    <subfield code="w">2020-05-13</subfield>
    <subfield code="y">SPCOLL</subfield>
  </datafield>
</record>
